| 000 | 00668nam a22001697a 4500 | ||
|---|---|---|---|
| 003 | OSt | ||
| 005 | 20171010095440.0 | ||
| 008 | 120608t xxu||||| |||| 00| 0 eng d | ||
| 040 |
_aMMSU _cULS |
||
| 100 |
_aAgonoy, Abegel F. _910098 |
||
| 245 |
_aEvaluation of the communication campaign and social mobilization program (2nd phase) in Magnuang, Batac, Ilocos Norte _cAbegel F. Agonoy |
||
| 260 | _c2007 | ||
| 300 |
_axvii, 90 leaves _c28 cm. |
||
| 500 | _aThesis (BS Development Communication) -- Mariano Marcos State University-College of Agriculture, Food and Sustainable Development, Batac City | ||
| 504 | _aBibliography: leaves 66-68 | ||
| 942 |
_2ddc _cTHEDIS |
||
| 999 |
_c9543 _d9543 |
||